| 000 | 00448pab a2200181 454500 | ||
|---|---|---|---|
| 008 | 180718b2017 xxu||||| |||| 00| 0 eng d | ||
| 100 | _aChalfin, Aaron | ||
| 245 | _aCriminal deterrence: a review of the literature | ||
| 260 | _c2017 | ||
| 300 | _ap.5-48. | ||
| 362 | _aMar | ||
| 650 | _aPenal sanctions | ||
| 650 | _aPolice | ||
| 650 | _aCrime | ||
| 700 | _aMcCrary, Justin | ||
| 773 | _aJournal of Economic Literature | ||
| 909 | _a114568 | ||
| 999 |
_c114562 _d114562 |
||